000 02197nam0a2200409 i 4500
001 RU\NLR\BIBL_A\010410223
005 20241101192554.0
010 _a9785760908933
_9500
021 _aRU
_b2014-32442
_91983
035 _a(NILC)RuMoRGB-007483364
035 _a(NLR Aleph) 010410223
090 _a9752659
_c9752659
100 _a20140630d2014 k y0rusy50 ca
101 0 _arus
102 _aRU
105 _aa|||z|||001yy
200 1 _aИспользование многомасштабного моделирования для изучения свойств нанодисперстных полимерных систем
_eмонография
_fП.В. Комаров
_gМ-во образования и науки Рос. Федерации, Федер. гос. бюджет. образоват. учреждение высш. проф. образования "Тверской гос. ун-т"
210 _aТверь
_cТверской государственный университет
_d2014
215 _a255 с.
_cил., цв. ил.
_d21
320 _aБиблиогр.: с. 220-255 (417 назв.)
606 _aПолиэлектролиты
_9954745
_3RU\NLR\AUTH\6636651
606 _aГидрогели полимерные
_91475851
_3RU\NLR\AUTH\66318504
606 1 _aИонообменные мембраны
_9991153
_3RU\NLR\AUTH\66374471
606 _aНанокомпозиционные материалы полимерные
_92495800
_3RU\NLR\AUTH\661480567
610 0 _aполиэлектролиты
610 0 _aгидрогели на основе L-цистеина и нитрата серебра
610 0 _aполимерные нанокомпозиты
610 0 _aполимерные мембраны
610 0 _aгибридные органо-неорганические нанокомпозиты
686 1 _aГ713
686 1 _aЛ719.2
700 1 _aКомаров
_bП. В.
_cканд. физ.-мат. наук
_gПавел Вячеславович
_9142900
_3RU\NLR\AUTH\770142936
801 0 _aRU
_bРГБ
_c20140430
_gRCR
942 _cBOOK
980 _aNBR